| 000 | 00415 a2200133 4500 | ||
|---|---|---|---|
| 003 | Nust | ||
| 005 | 20170207154409.0 | ||
| 040 | _cNust | ||
| 082 | _a799 | ||
| 245 |
_aInauguration Software & EE Societies (Photo Album Vol No. 1, 2001) _cMCS |
||
| 260 |
_aRawalpindi _bMCS _c30-04-2001 |
||
| 650 | _a Pictures of Inauguration Software & EE Societies in MCS ,(Photo Album Vol No. 1, 2001,CD-NO-6) | ||
| 651 | _aSweet Memories-MCS | ||
| 942 | _cBK | ||
| 999 |
_c197312 _d197312 |
||